| 000 | 00786nam a2200205Ii 4500 | ||
|---|---|---|---|
| 003 | JO-AjNU | ||
| 008 | 230605s9999||||xx |||||||||||||| ||und|| | ||
| 040 |
_aJO-AjNU _bara _erda _cJO-AjNU |
||
| 041 | _aara | ||
| 050 | 1 | 4 | _aBR67 2005 |
| 100 | 3 |
_aإيليربي، هيلين ؛ ترجمة وتقديم: سهيل زكار, _eauthor _920554 |
|
| 245 | 0 | 0 | _aالجانب المظلم في التاريخ المسيحي |
| 250 | _aط1 | ||
| 264 | 3 | 1 | _aدمشق: دار قتيبة للطباعة والنشر والتوزيع، 2005 |
| 300 |
_a230ص _bحواشي التوثيق باللغة الانجليزية ص 203-226 |
||
| 336 |
_atext _btxt _2rdacontent |
||
| 337 |
_aunmediated _bn _2rdamedia |
||
| 338 |
_avolume _bnc _2rdacarrier |
||
| 650 | 4 |
_aالمسيحية- تاريخ _920555 |
|
| 999 |
_aA6986 _c10554 _d10554 |
||